[Event "AUTO-ELITE-1459"]
[Site "http://www.queenalice.com/game.php?id=1445156"]
[Date "2016.10.11"]
[Round "4"]
[White "nnetto"]
[Black "zatu"]
[Result "0-1"]
[WhiteElo "2341"]
[BlackElo "2351"]

1. d4 Nf6 2. c4 e6 3. Nf3 Bb4+ 4. Bd2 b6 5. Bxb4 Nc6 6. Ba3 d6 7. Nc3 O-O 8. e3
Re8 9. Be2 e5 10. d5 Ne7 11. O-O Bf5 12. Nh4 Qd7 13. Nxf5 Qxf5 14. Bd3 e4 15.
Nxe4 Nxe4 16. f3 Qg5 17. Bxe4 Qxe3+ 18. Rf2 Ng6 19. Qd2 Qxd2 20. Rxd2 Re5 21.
Bb4 Rae8 22. Bc3 Rg5 23. Rd4 Kh8 24. Re1 Kg8 25. Kf2 Rb8 26. Bc2 Rh5 27. Kg3 Kf8
28. f4 Nh4 29. Rd2 Nf5+ 30. Kf2 Nh6 31. Kg1 Ng8 32. Rde2 Rh4 33. g3 Rh6 34. Ba4
Nf6 35. g4 Rh4 36. g5 Rxf4 37. gxf6 gxf6 38. Re7 Rxc4 39. Be8 b5 40. Kh1 Rg4 41.
Rxf7+ Kg8 42. Rxc7 b4 43. Bxf6 a6 0-1

[Event "AUTO-ELITE-1459"]
[Site "http://www.queenalice.com/game.php?id=1445157"]
[Date "2016.10.11"]
[Round "4"]
[White "zatu"]
[Black "nnetto"]
[Result "1-0"]
[WhiteElo "2339"]
[BlackElo "2353"]

1. e4 e5 2. Nf3 Nc6 3. Ng1 Nf6 4. Nc3 d5 5. exd5 Nxd5 6. Nf3 Nxc3 7. bxc3 Qd5 8.
d3 Bc5 9. c4 Qd6 10. Be2 Qg6 11. O-O Be7 12. Rb1 O-O 13. Re1 Rb8 14. Nd2 Bb4 15.
a3 Bc3 16. Bh5 Qe6 17. Rb3 Ba5 18. c3 Bb6 19. d4 Qd7 20. c5 Ba5 21. dxe5 Qd5 22.
c4 Qxc5 23. Rb5 Qe7 24. Qa4 Bb6 25. c5 Bxc5 26. Nf3 a6 27. Rb2 h6 28. Rc2 Be6
29. Bg4 Bd5 30. Bb2 Rfd8 31. Rce2 Be6 32. Re4 Rd3 33. Bxe6 fxe6 34. Rg4 Rbd8 35.
Qf4 h5 36. Rg3 Rd1 37. Qe4 Qd7 38. Qg6 Rxe1+ 39. Nxe1 Qf7 40. Qxf7+ Kxf7 41. Kf1
Rd2 42. Rf3+ Ke7 43. Bc3 Ra2 44. Nd3 1-0

[Event "AUTO-ELITE-1459"]
[Site "http://www.queenalice.com/game.php?id=1445158"]
[Date "2016.10.11"]
[Round "4"]
[White "Tune"]
[Black "zatu"]
[Result "1-0"]
[WhiteElo "2333"]
[BlackElo "2352"]

1. e4 e5 2. Nf3 Nf6 3. d4 Nxe4 4. dxe5 Bc5 5. Be3 Bxe3 6. fxe3 O-O 7. Bd3 d5 8.
O-O Bg4 9. h3 Bh5 10. Nbd2 Ng5 11. Be2 Nc6 12. Qe1 Bxf3 13. Nxf3 Nxf3+ 14. Bxf3
Nxe5 15. Rd1 Nxf3+ 16. Rxf3 c6 17. Qb4 Qb6 18. a3 Qxb4 19. axb4 Rfe8 20. b5 f6
21. bxc6 bxc6 22. Kf2 Re7 23. Ra1 Kf7 24. Rf4 Rae8 25. Ra6 Rxe3 26. Rxc6 R3e4
27. Kg3 Kg6 28. Rg4+ Rxg4+ 29. Kxg4 a5 30. Rc5 a4 31. Rxd5 Rb8 32. Ra5 Rxb2 33.
Rxa4 Rxc2 34. Kf3 Rc3+ 35. Ke2 h5 36. Kf2 Kh6 37. Rf4 Kg5 38. Rb4 1-0

[Event "AUTO-ELITE-1459"]
[Site "http://www.queenalice.com/game.php?id=1445159"]
[Date "2016.10.11"]
[Round "4"]
[White "zatu"]
[Black "Tune"]
[Result "0-1"]
[WhiteElo "2365"]
[BlackElo "2320"]

1. e4 e5 2. Nf3 d6 3. Nc3 Nc6 4. d4 Bg4 5. d5 Nd4 6. Be3 Nxf3+ 7. gxf3 Bd7 8.
Qd2 Ne7 9. f4 exf4 10. Bxf4 Ng6 11. Be3 Be7 12. O-O-O O-O 13. Rg1 f5 14. Kb1 Bf6
15. f3 Qe7 16. Bd3 f4 17. Bf2 Qe5 18. Be2 Qh5 19. Bd4 a6 20. a3 Rf7 21. Bxf6
Rxf6 22. Qd4 Ne5 23. Qb4 b6 24. Qd4 Qh4 25. Rg2 Bh3 26. Rgg1 Bd7 27. Rg2 Bh3 28.
Rgg1 Bd7 29. Rg2 g6 30. Qf2 Qxf2 31. Rxf2 Kg7 32. h4 Rb8 33. Ka1 b5 34. b4 Rf7
35. Kb2 Rf6 36. Rg1 Kh6 37. Rfg2 Rff8 0-1

[Event "AUTO-ELITE-1448"]
[Site "http://www.queenalice.com/game.php?id=1470709"]
[Date "2017.3.27"]
[Round "4"]
[White "nnetto"]
[Black "zatu"]
[Result "1-0"]
[WhiteElo "2279"]
[BlackElo "2377"]

1. e3 e5 2. Nf3 Nc6 3. Nc3 Nf6 4. d4 exd4 5. exd4 d5 6. Bb5 Bb4 7. O-O O-O 8.
Bxc6 bxc6 9. Ne5 Bxc3 10. bxc3 Ne4 11. f3 Nxc3 12. Qd3 1-0

[Event "AUTO-ELITE-1448"]
[Site "http://www.queenalice.com/game.php?id=1470710"]
[Date "2017.3.27"]
[Round "4"]
[White "zatu"]
[Black "nnetto"]
[Result "0-1"]
[WhiteElo "2362"]
[BlackElo "2294"]

1. e4 c5 2. Nf3 d6 3. d4 cxd4 4. Nxd4 Nf6 5. Nc3 a6 6. Bg5 e6 7. f4 Be7 8. Qf3
Qc7 9. O-O-O Nbd7 10. g4 h6 11. Bxf6 Bxf6 12. h4 Qb6 0-1

[Event "AUTO-ELITE-1811"]
[Site "http://www.queenalice.com/game.php?id=1470846"]
[Date "2017.3.28"]
[Round "1"]
[White "nnetto"]
[Black "zatu"]
[Result "0-1"]
[WhiteElo "2299"]
[BlackElo "2357"]

1. Nf3 Nf6 2. c4 g6 3. Nc3 Bg7 4. e4 d6 5. d4 O-O 6. Be2 e5 7. O-O Nc6 8. d5 Ne7
9. Ne1 Nd7 10. Nd3 f5 0-1

[Event "AUTO-ELITE-1811"]
[Site "http://www.queenalice.com/game.php?id=1470847"]
[Date "2017.3.28"]
[Round "1"]
[White "zatu"]
[Black "TigranPetrosian"]
[Result "0-1"]
[WhiteElo "2348"]
[BlackElo "2583"]

1. e4 c5 2. Nf3 e6 3. d4 cxd4 4. Nxd4 a6 5. c4 Nf6 6. Nc3 d6 7. Be2 Be7 8. O-O
O-O 9. Be3 Nc6 10. Rc1 Bd7 11. a3 Qb8 12. f4 b5 13. cxb5 Nxd4 14. Bxd4 Bxb5 15.
Nxb5 axb5 16. e5 dxe5 17. fxe5 Nd5 18. Bd3 Bg5 19. Qh5 h6 20. Rc5 Ne3 21. Rxb5
Qd8 22. Rb4 Nxf1 23. Kxf1 Be7 24. Rc4 Bc5 25. Bxc5 Qxd3+ 26. Qe2 Qb1+ 27. Qe1
Qa2 28. Rc2 Rfc8 29. Qc3 Ra5 30. b4 Rxa3 31. Rxa2 Rxc3 32. Ra7 R3xc5 33. bxc5
Rxc5 34. Ra8+ Kh7 35. Ra4 Rxe5 36. Ra7 Kg6 37. Kf2 Rb5 38. Ra4 Rb2+ 39. Kf3 f5
40. Ra5 Kf6 41. Ra8 e5 42. Kg3 e4 43. Rf8+ Ke5 44. Re8+ Kd4 45. h4 g5 46. hxg5
hxg5 47. Rd8+ Kc3 48. Rc8+ Kd2 49. Ra8 e3 50. Ra1 f4+ 51. Kg4 e2 52. Kxg5 e1=Q
53. Rxe1 Kxe1 54. Kxf4 Rxg2 55. Ke5 Ke2 56. Kf4 Rg8 0-1

[Event "AUTO-ELITE-1811"]
[Site "http://www.queenalice.com/game.php?id=1470848"]
[Date "2017.3.28"]
[Round "1"]
[White "TigranPetrosian"]
[Black "zatu"]
[Result "1-0"]
[WhiteElo "2566"]
[BlackElo "2363"]

1. e4 c5 2. Nf3 d6 3. d4 cxd4 4. Nxd4 Nf6 5. Nc3 a6 6. Bg5 e6 7. f4 Qc7 8. Qf3
b5 9. O-O-O b4 10. Na4 Bd7 11. e5 dxe5 12. fxe5 Nd5 13. Bc4 Bxa4 14. Bxd5 exd5
15. Qxd5 h6 16. e6 hxg5 17. exf7+ Qxf7 18. Qxa8 Qf4+ 19. Kb1 Bd7 20. Rhf1 Qd6
21. Qe4+ Kd8 22. Ne6+ Kc8 23. Rxd6 Bxd6 24. Qc4+ Bc6 25. Nd4 Kc7 26. Rf7+ Kb6
27. Ne6 Rh4 28. g4 Rxh2 29. Qd4+ Ka5 30. Rf5+ Bb5 31. a4 b3 32. Qc3+ Kb6 33.
Qxb3 g6 34. Rd5 Bc7 35. Rxb5+ axb5 36. Qxb5+ Ka7 37. Nxc7 Rd2 38. Nd5 Rd1+ 39.
Ka2 Rxd5 40. Qxd5 Kb6 41. Qd8+ Ka7 42. a5 Kb7 43. Qb6+ Kc8 44. a6 1-0

[Event "AUTO-ELITE-1908"]
[Site "http://www.queenalice.com/game.php?id=1506416"]
[Date "2017.12.1"]
[Round "1"]
[White "Nguxi59"]
[Black "zatu"]
[Result "1-0"]
[WhiteElo "2603"]
[BlackElo "2335"]

1. e4 c5 2. Nf3 d6 3. d4 cxd4 4. Nxd4 Nf6 5. Nc3 a6 6. Bg5 e6 7. f4 Be7 8. Qf3
h6 9. Bh4 Qc7 10. O-O-O Nbd7 11. Be2 Rb8 12. Qg3 Rg8 13. Rhf1 b5 14. Bxf6 Nxf6
15. e5 Nd5 16. Nxd5 exd5 17. Bf3 dxe5 18. fxe5 Bb7 19. Bg4 Rf8 20. Nf5 g6 21.
Nxe7 Kxe7 22. Qh4+ Ke8 23. Qxh6 Qe7 24. e6 f6 25. Qxg6+ Kd8 26. Bf3 Qxe6 27.
Rfe1 Qf7 28. Qe4 Re8 29. Qf4 Kd7 30. Re3 b4 31. a3 Rbd8 32. Qf5+ Kc7 33. Bh5 Qd7
34. Qxd7+ Kxd7 35. Bxe8+ Rxe8 36. Rxe8 Kxe8 37. axb4 f5 38. Rf1 d4 39. Rxf5 Bxg2
40. Kd2 Kd7 41. Kd3 Bc6 42. Kxd4 Ke6 43. Ra5 Bb7 44. h4 Kf6 45. c4 Bf3 46. Rxa6+
Kf5 47. h5 Bxh5 48. Ra5+ Kg4 49. Rxh5 Kxh5 50. c5 1-0

[Event "AUTO-ELITE-1908"]
[Site "http://www.queenalice.com/game.php?id=1506417"]
[Date "2017.12.1"]
[Round "1"]
[White "zatu"]
[Black "Nguxi59"]
[Result "1-0"]
[WhiteElo "2324"]
[BlackElo "2602"]

1. e4 e5 2. Nf3 Nc6 3. Bc4 Bc5 4. O-O d6 5. c3 Nf6 6. d3 O-O 7. Re1 a6 8. a4 Ba7
9. h3 b5 10. Ba2 Bd7 11. Na3 bxa4 12. Qxa4 Qc8 13. Qd1 Rb8 14. Re2 Bxh3 15. g3
Qg4 16. Re3 Nh5 17. Kh2 Nf4 18. Bd2 Rxb2 19. Bd5 Bxe3 20. Bxe3 Re2 21. Qh1 Bg2
22. Qxg2 Nxg2 23. Kxg2 Ne7 24. Bb3 d5 25. Nc2 dxe4 26. Nxe5 Qh5 27. d4 Nf5 28.
Ra2 Nxe3+ 29. Nxe3 Re1 30. Nf1 Qd1 31. Bxd1 Rxd1 32. Rxa6 Rc1 33. Rc6 Ra8 34.
Rxc7 f6 35. Nc4 Rxc3 36. Nfe3 h5 37. Re7 Kf8 38. Rxe4 Rd3 39. d5 Ra4 40. d6 Ra2
41. Rf4 Ra8 42. Rf5 h4 43. Rh5 Kf7 44. Rxh4 Ra7 45. Nb6 Ra6 46. Nec4 Rxb6 47.
Nxb6 Rxd6 48. Nc4 Rc6 49. Re4 g6 50. Kf3 Kg7 51. g4 f5 52. gxf5 gxf5 53. Rd4 Rc5
54. Kf4 Kf6 55. Ne3 Ra5 56. Rd6+ 1-0

[Event "AUTO-ELITE-1908"]
[Site "http://www.queenalice.com/game.php?id=1506422"]
[Date "2017.12.1"]
[Round "1"]
[White "zatu"]
[Black "Alsina"]
[Result "0-1"]
[WhiteElo "2343"]
[BlackElo "2489"]

1. e4 e5 2. Nf3 Nc6 3. Bc4 Nf6 4. d3 Bc5 5. c3 d6 6. Bb3 a6 7. Nbd2 Ba7 8. Nf1
Ne7 9. Ng3 Ng6 10. O-O O-O 11. Re1 h6 12. h3 Be6 13. a4 d5 14. exd5 Nxd5 15. Bc4
Re8 16. Re4 Qd6 17. Re1 Ndf4 18. Bxf4 Nxf4 19. Ne4 Qd8 20. Qb3 Qd7 21. Qxb7 Reb8
22. Bxe6 Qxe6 23. Qxc7 Nxd3 24. Re2 Rd8 25. b3 f5 26. Ng3 Bxf2+ 27. Rxf2 Rac8
28. Qb7 Nxf2 29. Kxf2 Rxc3 30. Rb1 e4 31. Nh4 g6 32. Ne2 Rc2 33. Rc1 Rxc1 34.
Nxc1 g5 35. Ne2 gxh4 36. Qb4 Rd3 37. Qc4 Qxc4 38. bxc4 Kf7 39. c5 Rd2 40. c6 Ke7
41. c7 Rxe2+ 42. Kxe2 Kd7 43. Ke3 Kxc7 44. a5 Kc6 45. Kd4 Kb5 46. Ke3 Kxa5 47.
Kd4 Kb4 48. Ke3 Kc3 49. Ke2 f4 0-1

[Event "AUTO-ELITE-1908"]
[Site "http://www.queenalice.com/game.php?id=1506423"]
[Date "2017.12.1"]
[Round "1"]
[White "Alsina"]
[Black "zatu"]
[Result "1-0"]
[WhiteElo "2507"]
[BlackElo "2331"]

1. e4 c5 2. Nf3 d6 3. d4 cxd4 4. Nxd4 Nf6 5. Nc3 a6 6. Be2 e5 7. Nb3 Be7 8. O-O
O-O 9. Be3 Be6 10. Qd2 Nbd7 11. a4 Nb6 12. a5 Nc4 13. Bxc4 Bxc4 14. Rfd1 h6 15.
Nc1 Rc8 16. Nd3 Be6 17. Bb6 Qe8 18. f3 Nd7 19. Be3 f5 20. exf5 Rxf5 21. Nb4 Nf6
22. Nbd5 Nxd5 23. Nxd5 Bf8 24. Nb6 Rc6 25. b3 Qg6 26. Qd3 Qh7 27. c4 Rf7 28. Qe2
g5 29. Rf1 Bg7 30. Rad1 Qg6 31. Qd2 Kh7 32. Rde1 Bf6 33. Nd5 Bd8 34. Rd1 Kh8 35.
Bb6 Bxd5 36. Bxd8 Be6 37. Bb6 Bf5 38. Rf2 Kh7 39. Be3 Rg7 40. h3 Rd7 41. Qb4 Kh8
42. Rfd2 Bc2 43. Re1 Bf5 44. Bf2 Qh7 45. Qc3 Kg7 46. c5 Qg6 47. g4 Be6 48. Red1
Bf7 49. b4 Kh7 50. Bg3 Rdc7 51. Qb2 dxc5 52. Bxe5 c4 53. Rd8 Rc8 54. Rxc8 Rxc8
55. Rd6 Be6 56. b5 c3 57. Bxc3 Rf8 58. bxa6 bxa6 59. Qb7+ Qf7 60. Qe4+ Bf5 61.
gxf5 Qxf5 62. Qc6 Qb1+ 63. Kh2 Qc2+ 64. Kg3 Qxc3 65. Rxh6+ Kg8 66. Qxc3 Re8 67.
Rg6+ 1-0

[Event "AUTO-ELITE-1992"]
[Site "http://www.queenalice.com/game.php?id=1530856"]
[Date "2018.6.12"]
[Round "1"]
[White "zatu"]
[Black "Tune"]
[Result "1-0"]
[WhiteElo "2341"]
[BlackElo "2335"]

1. e4 e6 2. d4 d5 3. exd5 exd5 4. Nf3 Nf6 5. Bb5+ c6 6. Bd3 Bd6 7. Qe2+ Qe7 8.
Qxe7+ Kxe7 9. O-O Be6 10. Nc3 h6 11. Bd2 g6 12. Rfe1 Nbd7 13. a4 a5 14. Nh4 Nh5
15. g3 Kf6 16. Nf3 Bh3 17. Ne2 Kg7 18. Nc1 Nhf6 19. Nb3 Ne4 20. Bxe4 dxe4 21.
Rxe4 b6 22. Ne5 Bf5 23. Ree1 Bc7 24. Nxc6 Rhe8 25. Rxe8 Rxe8 26. Rc1 Be4 27. Na7
Bf3 28. Nb5 Bb8 29. c4 Ba8 30. d5 Rc8 31. d6 Bc6 32. c5 bxc5 33. Bxa5 Kg8 34. h4
h5 35. Kf1 f6 36. Nc7 Ba7 37. Bb4 Bxa4 38. Nxc5 Bc6 39. N5e6 Be4 40. Bc3 Bb6 41.
Re1 Bd3+ 42. Kg2 Bc4 43. Bd4 Rb8 44. b4 Bxd4 45. Nxd4 Rf8 46. Re7 Rf7 47. Nc6
Ba2 48. Nd8 Rh7 49. Nce6 Bxe6 50. Re8+ Kg7 51. Nxe6+ Kf7 52. Re7+ Kg8 53. Rxh7
Kxh7 54. Nc5 f5 55. Nxd7 Kg8 56. Ne5 Kf8 57. b5 Kg7 58. d7 Kf6 59. Nc6 Kg7 60.
d8=Q f4 61. Ne5 f3+ 62. Kxf3 g5 63. hxg5 Kh7 64. Qf8 1-0

[Event "AUTO-ELITE-1992"]
[Site "http://www.queenalice.com/game.php?id=1530857"]
[Date "2018.6.12"]
[Round "1"]
[White "Tune"]
[Black "zatu"]
[Result "0-1"]
[WhiteElo "2323"]
[BlackElo "2353"]

1. d4 Nf6 2. Nf3 e6 3. g3 Nc6 4. Bg5 h6 5. Bxf6 Qxf6 6. e4 g5 7. h4 g4 8. Nfd2
Qxd4 9. c3 Qg7 10. a4 h5 11. Na3 Qf6 12. Bg2 d6 13. Qb3 Be7 14. O-O O-O 15. Ndc4
a6 16. Rfe1 Rb8 17. e5 Nxe5 18. Nxe5 dxe5 19. Nc4 Bd6 20. Nxd6 cxd6 21. Rad1 d5
22. Qb6 Qd8 23. Qxd8 Rxd8 24. Rxe5 f5 25. Rd4 b5 26. axb5 Rxb5 27. Rd2 Kg7 28.
f4 gxf3 29. Bxf3 Kg6 30. Bg2 Rb3 31. Re1 Bd7 32. c4 Rxg3 33. cxd5 exd5 34. Kf2
Rg4 35. Bf3 Rxh4 36. Rxd5 Rc4 37. Red1 Rc7 38. Rd6+ Kg5 39. Be2 Rb7 40. Kf3 Rb3+
41. Kf2 Rb7 42. Kf3 Rb3+ 43. Kf2 Rb7 44. Rxa6 Rxb2 45. Kf3 f4 46. Ra5+ Kf6 47.
Rxh5 Rxe2 48. Rxd7 Rxd7 49. Kxe2 Kg6 50. Rh8 Rb7 51. Kf3 Rb4 52. Kg4 Kf7 53. Rh6
Kg7 54. Rh3 Kf6 55. Rh8 Ke7 56. Rh5 Ke6 57. Rh6+ Ke5 58. Rh8 Ke4 59. Re8+ Kd3
60. Kg5 f3 61. Rf8 Ke2 62. Re8+ Kf1 63. Rh8 f2 64. Ra8 Kg1 65. Rf8 f1=Q 66. Rg8
Qg2+ 67. Kf6 Qxg8 0-1

[Event "AUTO-ELITE-1992"]
[Site "http://www.queenalice.com/game.php?id=1530858"]
[Date "2018.6.12"]
[Round "1"]
[White "zatu"]
[Black "gacer"]
[Result "1-0"]
[WhiteElo "2330"]
[BlackElo "2305"]

1. d4 d5 2. Nf3 Nf6 3. Nc3 Nc6 4. Bf4 Rb8 5. Nb5 e5 6. dxe5 Ne4 7. Qxd5 a6 8.
Qxe4 Qe7 9. Nc3 Be6 10. a3 Qc5 11. O-O-O Qa5 12. Ng5 Bxa3 13. Nxe6 fxe6 14. Qc4
O-O 15. e3 Nxe5 16. Qxe6+ Nf7 17. Qb3 Bb4 18. Bxc7 Qxc7 19. Qxb4 Qc6 20. Rd5 Qf6
21. Bd3 Ne5 22. Be4 Nc6 23. Qc4 Qf7 24. f4 Rfc8 25. Rhd1 Rc7 26. Qd3 h6 27. Rd6
Qf8 28. Bxc6 Rxc6 29. Rxc6 bxc6 30. Qxa6 Re8 31. Qxc6 Rxe3 32. Qg6 Re8 33. f5
Qf7 34. b4 Rf8 35. Nd5 Qa7 36. f6 Kh8 37. Re1 Qa1+ 38. Kd2 Qd4+ 39. Qd3 Qxd3+
40. Kxd3 gxf6 41. b5 Rb8 42. b6 Rd8 43. Kd4 Rf8 44. Re7 Kg8 45. b7 Rd8 46. Re8+
Rxe8 47. Nxf6+ Kf7 48. Nxe8 Kxe8 49. b8=Q+ Kd7 50. c4 Ke7 51. c5 Kf7 52. c6 Kg6
53. c7 Kf7 54. c8=Q Kg7 55. Qf5 1-0

[Event "AUTO-ELITE-1992"]
[Site "http://www.queenalice.com/game.php?id=1530859"]
[Date "2018.6.12"]
[Round "1"]
[White "gacer"]
[Black "zatu"]
[Result "1-0"]
[WhiteElo "2291"]
[BlackElo "2344"]

1. e4 c5 2. Nf3 Nc6 3. Nc3 e5 4. Bc4 Be7 5. O-O Nf6 6. Ng5 O-O 7. d3 d6 8. f4
Bg4 9. Qe1 h6 10. Qg3 Qb6 11. Nxf7 Rxf7 12. Bxf7+ Kxf7 13. Nd5 Nd4 14. Kh1 Nxd5
15. fxe5+ Bf5 16. c3 Ne2 17. Qg4 Nxc1 18. exd5 Kg8 19. Qxf5 Bg5 20. h4 Bd2 21.
e6 Nxd3 22. e7 Nf4 23. Rxf4 Bxf4 24. Qe6+ Kh7 25. Rf1 Qxb2 26. Qe4+ Kh8 27. Rxf4
Qc1+ 28. Kh2 Qxf4+ 29. Qxf4 Rg8 30. Qf8 Kh7 31. e8=Q Rxf8 32. Qxf8 a5 33. Qxd6
c4 34. Qe6 g6 35. d6 a4 36. d7 h5 37. d8=Q b6 38. Qdg8+ Kh6 39. Qexg6# 1-0

[Event "AUTO-ELITE-1992"]
[Site "http://www.queenalice.com/game.php?id=1561345"]
[Date "2019.2.18"]
[Round "2"]
[White "eget"]
[Black "zatu"]
[Result "1-0"]
[WhiteElo "2451"]
[BlackElo "2364"]

1. e4 c5 2. Nc3 Nc6 3. Nf3 d6 4. Bc4 Nf6 5. O-O a6 6. d4 b5 7. Be2 b4 8. Nd5
Nxe4 9. Bd3 Nf6 10. Nxf6+ exf6 11. dxc5 dxc5 12. Qe2+ Be7 13. Be4 Bb7 14. Bf4
Qd7 15. Rfe1 Qe6 16. Qd2 Kf8 17. Bxh7 Qg4 18. h3 Qc8 19. Be4 Nd8 20. Bd6 Ne6 21.
Bxe7+ Kxe7 22. Rad1 Kf8 23. c4 bxc3 24. Qxc3 Bxe4 25. Rxe4 Qc6 26. Qc2 Rc8 27.
Qe2 Re8 28. b4 cxb4 29. Nd4 1-0

[Event "AUTO-ELITE-1992"]
[Site "http://www.queenalice.com/game.php?id=1561346"]
[Date "2019.2.18"]
[Round "2"]
[White "zatu"]
[Black "eget"]
[Result "0-1"]
[WhiteElo "2355"]
[BlackElo "2457"]

1. e4 e5 2. Nc3 Nc6 3. f4 exf4 4. d4 Qh4+ 5. Ke2 d5 6. exd5 Qe7+ 7. Kf2 Qh4+ 8.
Ke2 Qe7+ 9. Kf2 Qh4+ 10. Ke2 Qg5 11. Nf3 Qh6 12. dxc6 bxc6 13. Kf2 Bd6 14. Ne5
Nf6 15. Qf3 Qh4+ 16. Kg1 O-O 17. Bxf4 Rb8 18. b3 c5 19. Nb5 cxd4 20. Nxd6 cxd6
21. Nc6 Rb6 22. Nxd4 Rd8 23. Qg3 Qh5 24. Re1 Re8 25. Rxe8+ Nxe8 26. h3 Qc5 27.
Be3 Qe5 28. Kh2 Qxg3+ 0-1

[Event "AUTO-ELITE-2242"]
[Site "http://www.queenalice.com/game.php?id=1616452"]
[Date "2020.6.13"]
[Round "1"]
[White "Tune"]
[Black "zatu"]
[Result "1-0"]
[WhiteElo "2262"]
[BlackElo "2346"]

1. e4 e5 2. f4 exf4 3. Bc4 d5 4. Bxd5 Nf6 5. Nf3 Nxd5 6. exd5 Qxd5 7. O-O Nc6 8.
d4 Be6 9. Bxf4 O-O-O 10. Nc3 Qc4 11. Ne2 Qb5 12. b3 Bc5 13. c4 Qa6 14. Kh1 f6
15. d5 Bg4 16. Qe1 Nb4 17. Qg3 h5 18. Bxc7 Rd7 19. Bf4 g5 20. Bd2 Nxd5 21. cxd5
Qxe2 22. Rac1 Rc7 23. Ba5 b6 24. b4 bxa5 25. bxc5 Bxf3 26. gxf3 Qxa2 27. Qd6 Qe2
28. Qxf6 Rd8 29. Qf5+ Kb8 30. d6 Rc6 31. Rb1+ Ka8 32. Qd5 Qa6 33. Rfe1 g4 34. d7
g3 35. Re8 h4 36. Rxd8+ Qc8 37. Rxc8# 1-0

[Event "AUTO-ELITE-2242"]
[Site "http://www.queenalice.com/game.php?id=1616453"]
[Date "2020.6.13"]
[Round "1"]
[White "zatu"]
[Black "Tune"]
[Result "1-0"]
[WhiteElo "2340"]
[BlackElo "2264"]

1. e4 e5 2. Nc3 d6 3. Nf3 Nf6 4. Bb5+ c6 5. Bc4 b5 6. Bb3 b4 7. Na4 Nxe4 8. O-O
Nf6 9. d4 e4 10. Nd2 Be7 11. Nc4 d5 12. Ne5 Bd6 13. Bf4 Qc7 14. c4 bxc3 15. Nxc3
Ba6 16. Re1 O-O 17. Rc1 Qb7 18. f3 exf3 19. Qxf3 Qb4 20. Rcd1 Re8 21. Kh1 Re7
22. Bg5 Re6 23. Bxd5 cxd5 24. Nxd5 Qb7 25. Bxf6 gxf6 26. Nxf6+ Rxf6 27. Qxf6 Qe7
28. Qf5 Nc6 29. Nxc6 Qh4 30. Ne5 Rf8 31. g3 Qh6 32. Re4 Bxe5 33. Qxe5 Bc8 34.
Kg1 Bd7 35. Rf1 Qg6 36. Rf6 Qg7 37. Qf4 Rc8 38. Re5 Rc2 39. Rg5 Qxg5 40. Qxg5+
Kf8 41. Rh6 Rc6 42. Rxh7 Rg6 43. Qd8+ Be8 44. Rh8+ Kg7 45. Qxe8 Re6 46. Rg8+ Kf6
47. Qd8+ Re7 48. Re8 Kg6 49. Rxe7 f5 50. Qg8+ Kf6 51. Re6# 1-0

[Event "AUTO-ELITE-2242"]
[Site "http://www.queenalice.com/game.php?id=1616460"]
[Date "2020.6.13"]
[Round "1"]
[White "zatu"]
[Black "ezat"]
[Result "1-0"]
[WhiteElo "2350"]
[BlackElo "2257"]

1. d4 f5 2. Bg5 h6 3. Bf4 Nf6 4. e3 Nc6 5. Be2 d6 6. Bh5+ Kd7 7. Be2 Nb4 8. c4
c6 9. Nc3 Ne4 10. Nxe4 fxe4 11. a3 Nd3+ 12. Bxd3 exd3 13. Qxd3 g5 14. Bg3 Kc7
15. Ne2 Bg7 16. O-O h5 17. h4 Qg8 18. c5 gxh4 19. Bxh4 Qf7 20. Rac1 a6 21. Qe4
Bg4 22. f3 Bd7 23. Qxe7 Qxe7 24. Bxe7 dxc5 25. Rxc5 Rae8 26. Bg5 b6 27. Rcc1 Kb7
28. Kf2 h4 29. Rh1 h3 30. gxh3 Rxh3 31. Rxh3 Bxh3 32. Ng3 Be6 33. Rh1 Rh8 34.
Rxh8 Bxh8 35. f4 Bc4 36. f5 Bg7 37. f6 Bf8 38. Nf5 Be6 39. Bh6 Bxf5 40. Bxf8 Be6
41. b4 Kc7 42. Kf3 Kd7 43. Kf4 Bd5 44. Ke5 Bc4 45. a4 Be6 46. a5 bxa5 47. bxa5
Bd5 48. Bb4 Be6 49. e4 Bf7 50. Be1 Bc4 51. Kf5 Bd3 52. f7 Ke7 53. Kg6 Bxe4+ 54.
Kg7 Ke6 55. f8=Q Bg6 56. Qc5 Be8 57. Bg3 Bh5 58. Qe5+ Kd7 59. Kf8 Bg4 60. Qe8#
1-0

[Event "AUTO-ELITE-2242"]
[Site "http://www.queenalice.com/game.php?id=1616461"]
[Date "2020.6.13"]
[Round "1"]
[White "ezat"]
[Black "zatu"]
[Result "0-1"]
[WhiteElo "2241"]
[BlackElo "2331"]

1. c4 e5 2. Nc3 Nc6 3. g3 g6 4. Bg2 Bg7 5. e3 d6 6. Nge2 Be6 7. Nd5 Nce7 8. Nxe7
Nxe7 9. Bxb7 Rb8 10. Bf3 Bxc4 11. Qa4+ Bb5 12. Qxa7 c5 13. Nc3 Nc6 14. Qa3 Nb4
15. Kd1 Bd7 16. b3 Qf6 17. Be2 Qxf2 18. Qa7 Qg2 19. Re1 Rb7 20. Qa8+ Ke7 21. Qa5
Rhb8 22. Rb1 e4 23. Bb2 Kf8 24. Qa3 Kg8 25. Ba1 Bc6 26. Na4 Bxa1 27. Rxa1 Ra8
28. Qb2 Rxa4 29. Qf6 Ra8 30. Bc4 Qxh2 31. a3 Nd3 32. Rf1 Ne5 33. g4 Nf3 34. Rxf3
exf3 35. g5 Be4 36. Kc1 d5 37. Bxd5 Bxd5 38. Qc3 Rxb3 39. Qc2 f2 40. Qd1 Be4 41.
d3 f1=Q 42. Qxf1 Qb2+ 43. Kd1 Qxa1+ 44. Ke2 Rb2# 0-1